[Event "European Online Club-ch-H 2021"]
[Site "Online"]
[Date "2021.03.27"]
[Round "1.9"]
[White "Mamedov, Rauf"]
[Black "Manik, Mikulas"]
[Result "1-0"]
[WhiteElo "2654"]
[BlackElo "2353"]
[Annotator "TA"]
[PlyCount "67"]
[EventDate "2021.03.27"]
[EventType "team-tourn"]
[EventCountry "NET"]
[SourceTitle "playchess.com"]
[Source "ChessBase"]
[SourceQuality "1"]

{[%evp 9,67,13,6,11,20,22,36,33,32,41,47,41,64,52,42,45,50,53,56,0,53,52,45,33,50,41,43,0,0,0,11,7,41,11,60,58,93,94,114,112,112,0,0,0,49,23,47,37,52,49,65,80,337,337,333,334,312,303,314,267]} 1. e4 c5 2. Nf3 d6 3. Nc3 Nf6 4. e5 dxe5 5. Nxe5 a6 6. g3 {B50: Sicilian: 2...d6, Miscellaneous.} g6 (6... Qd6 {is more complex.} 7. Nf3 Nc6 8. Bg2 e5 9. d3 Be7) 7. Bg2 Bg7 8. O-O {White is slightly better.} O-O 9. d3 Nbd7 10. Nc4 {[#]} Ra7 $146 ({Predecessor:} 10... Nb6 11. Qe2 Bg4 12. Qe3 Nxc4 13. dxc4 Qc7 14. h3 Be6 15. Nd5 Nxd5 16. cxd5 Bf5 {1-0 (50) Mamedyarov,S (2770)-Nitin,S (2381) Chess.com INT 2020}) 11. a4 $1 b6 12. Re1 Bb7 13. Bxb7 Rxb7 14. Bf4 ({White should play} 14. Qf3 $14 Ra7 15. Ra3) 14... e6 (14... Nb8 $1 $11) 15. Qf3 $14 Ra7 16. Ne4 Nxe4 17. dxe4 Qa8 18. Qb3 Qc6 19. c3 h6 20. h4 Kh7 21. Qc2 e5 22. Be3 f5 23. exf5 gxf5 {[#]} 24. Rad1 $1 b5 {[#]} 25. Nd6 (25. Rd6 $1 $16 Qc8 26. axb5 axb5 27. Nb6 Nxb6 28. Rxb6) 25... e4 $1 $11 26. Bf4 {Nxf5! is the strong threat.} Ne5 27. Bxe5 Bxe5 28. Nxe4 fxe4 29. Rxe4 {Black must now prevent Rd5!} Qg6 {Hoping for ...Rf4.} 30. h5 $1 {[%cal Rh5g6]} Qxh5 {[%mdl 8192] This costs Black the game.} (30... Qf5 $16) 31. Rxe5+ $18 {[%mdl 64] Discovered Attack. White has a decisive advantage.} Qg6 32. Qxg6+ Kxg6 33. axb5 ({Don't play} 33. Rxc5 bxa4 34. Ra5 Rb7 $18) 33... axb5 34. Rxc5 {Weighted Error Value: White=0.09/Black=0.27} 1-0

[Event "European Online Club-ch-H 2021"]
[Site "Online"]
[Date "2021.03.27"]
[Round "1.10"]
[White "Danada, Tomas"]
[Black "Asadli, Vugar"]
[Result "1/2-1/2"]
[WhiteElo "2321"]
[BlackElo "2572"]
[Annotator "ChessBase"]
[PlyCount "77"]
[EventDate "2021.03.27"]
[EventType "team-tourn"]
[EventCountry "NET"]
[SourceTitle "playchess.com"]
[Source "ChessBase"]
[SourceQuality "1"]
[TimeControl "900+5"]

1. d4 {[%emt 0:00:00]} d5 {[%emt 0:00:07]} 2. c4 {[%emt 0:00:03]} c6 {[%emt 0:00:03]} 3. Nc3 {[%emt 0:00:01]} Nf6 {[%emt 0:00:02]} 4. cxd5 {[%emt 0:00:04]} cxd5 {[%emt 0:00:06]} 5. Bg5 {[%emt 0:00:02]} Nc6 {[%emt 0:00:31]} 6. Bxf6 {[%emt 0:00:36]} gxf6 {[%emt 0:00:37]} 7. e3 {[%emt 0:00:06]} e6 {[%emt 0:00:13]} 8. Bd3 {[%emt 0:00:17]} f5 {[%emt 0:00:32]} 9. Nge2 {[%emt 0:00:20]} Bd6 {[%emt 0:00:21]} 10. Rc1 {[%emt 0:00:18]} Bd7 {[%emt 0:00:21]} 11. g3 {[%emt 0:00:16]} h5 {[%emt 0:01:42]} 12. h4 {[%emt 0:00:13]} Ne7 {[%emt 0:00:02]} 13. Nf4 {[%emt 0:00:14]} Bxf4 {[%emt 0:00:16]} 14. exf4 {[%emt 0:00:02]} Qb6 {[%emt 0:00:12]} 15. Qd2 {[%emt 0:00:51]} a6 {[%emt 0:00:48]} 16. Ne2 {[%emt 0:00:43]} Nc6 {[%emt 0:00:28]} 17. Qc3 {[%emt 0:00:49]} Ke7 {[%emt 0:01:00]} 18. Qc5+ {[%emt 0:02:22]} Qxc5 {[%emt 0:00:05]} 19. Rxc5 {[%emt 0:00:13]} Nb4 {[%emt 0:01:15]} 20. Bb1 {[%emt 0:00:18]} Kd6 {[%emt 0:00:06]} 21. Kd2 {[%emt 0:01:45]} Bb5 {[%emt 0:00:30]} 22. Rc3 {[%emt 0:03:59]} Bc4 {[%emt 0:01:16]} 23. b3 {[%emt 0:00:22]} Bxe2 {[%emt 0:00:15]} 24. Kxe2 {[%emt 0:00:01]} a5 {[%emt 0:00:01]} 25. a3 {[%emt 0:00:16]} Nc6 {[%emt 0:00:05]} 26. Ke3 {[%emt 0:00:07]} Ra6 {[%emt 0:00:17]} 27. Rhc1 {[%emt 0:00:13]} Rb6 {[%emt 0:00:08]} 28. Bd3 {[%emt 0:00:07]} f6 {[%emt 0:00:06]} 29. Bc2 {[%emt 0:00:54]} Re8 {[%emt 0:00:17]} 30. Bd1 {[%emt 0:00:27]} Rh8 {[%emt 0:00:02]} 31. Bc2 {[%emt 0:00:04]} Rh7 {[%emt 0:00:10]} 32. Rd1 {[%emt 0:00:13]} Rh6 {[%emt 0:00:43]} 33. Rd2 {[%emt 0:00:07]} Rh8 {[%emt 0:00:06]} 34. Rd1 {[%emt 0:00:03]} Na7 {[%emt 0:00:02]} 35. Bd3 {[%emt 0:00:06]} Nc6 {[%emt 0:00:18]} 36. Bc2 {[%emt 0:00:04]} Rc8 {[%emt 0:00:11]} 37. Rc1 {[%emt 0:00:14]} Re8 {[%emt 0:00:06]} 38. Bd1 {[%emt 0:00:04]} Rh8 {[%emt 0:00:02]} 39. Bc2 {[%emt 0:00:02]} 1/2-1/2

[Event "European Online Club-ch-H 2021"]
[Site "Online"]
[Date "2021.03.27"]
[Round "1.11"]
[White "Sadikhov, Ulvi"]
[Black "Zambor, Norbert"]
[Result "1/2-1/2"]
[WhiteElo "2490"]
[BlackElo "2260"]
[Annotator "ChessBase"]
[PlyCount "72"]
[EventDate "2021.03.27"]
[EventType "team-tourn"]
[EventCountry "NET"]
[SourceTitle "playchess.com"]
[Source "ChessBase"]
[SourceQuality "1"]
[TimeControl "900+5"]

1. e4 {[%emt 0:00:00]} c5 {[%emt 0:00:07]} 2. Nf3 {[%emt 0:00:03]} Nc6 {[%emt 0:00:01]} 3. Bb5 {[%emt 0:00:08]} e6 {[%emt 0:00:30]} 4. O-O {[%emt 0:00:13]} Nge7 {[%emt 0:00:09]} 5. c3 {[%emt 0:00:09]} a6 {[%emt 0:00:09]} 6. Ba4 {[%emt 0:00:03]} b5 {[%emt 0:00:03]} 7. Bc2 {[%emt 0:00:03]} Bb7 {[%emt 0:00:04]} 8. a4 {[%emt 0:00:08]} b4 {[%emt 0:00:17]} 9. d4 {[%emt 0:00:03]} bxc3 {[%emt 0:01:02]} 10. bxc3 {[%emt 0:00:57]} cxd4 {[%emt 0:00:37]} 11. cxd4 {[%emt 0:01:50]} Nb4 {[%emt 0:01:43]} 12. Ba3 {[%emt 0:03:22]} Ng6 {[%emt 0:03:32]} 13. Nbd2 {[%emt 0:00:27]} Be7 {[%emt 0:02:19]} 14. Nb3 {[%emt 0:03:47]} Nxc2 {[%emt 0:01:02]} 15. Bxe7 {[%emt 0:00:50]} Qxe7 {[%emt 0:02:30]} 16. Qxc2 {[%emt 0:00:03]} O-O {[%emt 0:00:24]} 17. Na5 {[%emt 0:00:34]} Rac8 {[%emt 0:00:34]} 18. Qd3 {[%emt 0:00:39]} Ba8 {[%emt 0:00:03]} 19. Rfe1 {[%emt 0:00:32]} f5 {[%emt 0:00:31]} 20. exf5 {[%emt 0:02:33]} Nf4 {[%emt 0:00:49]} 21. Qd2 {[%emt 0:00:06]} Rxf5 {[%emt 0:00:10]} 22. Re5 {[%emt 0:00:05]} Bxf3 {[%emt 0:00:06]} 23. Rxf5 {[%emt 0:00:05]} exf5 {[%emt 0:00:07]} 24. Qxf4 {[%emt 0:00:04]} Be4 {[%emt 0:00:03]} 25. Qd2 {[%emt 0:00:09]} Qd6 {[%emt 0:00:04]} 26. f3 {[%emt 0:00:04]} Bd5 {[%emt 0:00:03]} 27. Rc1 {[%emt 0:00:08]} Rxc1+ {[%emt 0:00:06]} 28. Qxc1 {[%emt 0:00:02]} h6 {[%emt 0:00:04]} 29. Qc3 {[%emt 0:00:09]} Qb6 {[%emt 0:00:04]} 30. Kf2 {[%emt 0:00:03]} Kh7 {[%emt 0:00:04]} 31. Ke3 {[%emt 0:00:08]} Qf6 {[%emt 0:00:06]} 32. Kf2 {[%emt 0:00:07]} Qh4+ {[%emt 0:00:05]} 33. Kg1 {[%emt 0:00:03]} Qe7 {[%emt 0:00:04]} 34. Kf2 {[%emt 0:00:02]} Qh4+ {[%emt 0:00:03]} 35. Kg1 {[%emt 0:00:02]} Qe7 {[%emt 0:00:02]} 36. Kf2 {[%emt 0:00:06]} Qh4+ {[%emt 0:00:02]} 1/2-1/2

[Event "European Online Club-ch-H 2021"]
[Site "Online"]
[Date "2021.03.27"]
[Round "1.12"]
[White "Kusiak, Matej"]
[Black "Ahmadzada, Ahmad"]
[Result "0-1"]
[WhiteElo "2251"]
[BlackElo "2431"]
[Annotator "NA"]
[PlyCount "62"]
[EventDate "2021.03.27"]
[EventType "team-tourn"]
[EventCountry "NET"]
[SourceTitle "playchess.com"]
[Source "ChessBase"]
[SourceQuality "1"]
[TimeControl "900+5"]

1. e4 {[%emt 0:00:00]} c5 {[%emt 0:00:03]} 2. Nf3 {[%emt 0:00:11]} e6 {[%emt 0:00:03]} 3. d4 {[%emt 0:00:04]} cxd4 {[%emt 0:00:02]} 4. Nxd4 {[%emt 0:00:04]} Nf6 {[%emt 0:00:02]} 5. Nc3 {[%emt 0:00:02]} d6 {[%emt 0:00:02]} 6. Be3 {[%emt 0:00:17]} Be7 {[%emt 0:00:05]} 7. f3 {[%emt 0:00:05]} O-O {[%emt 0:00:04]} 8. Qd2 {[%emt 0:00:02]} e5 {[%emt 0:00:02]} 9. Nb3 {[%emt 0:00:16]} Be6 {[%emt 0:00:04]} 10. Be2 {[%emt 0:00:20]} a5 {[%emt 0:00:42]} 11. a4 {[%emt 0:01:17]} Nc6 {[%emt 0:00:08]} 12. O-O {[%emt 0:00:57]} Nb4 {[%emt 0:00:07]} 13. Rfd1 {[%emt 0:00:15]} Rc8 {[%emt 0:00:34]} 14. Rac1 {[%emt 0:01:45]} d5 {[%emt 0:00:41]} 15. exd5 {[%emt 0:00:07]} Nfxd5 {[%emt 0:00:08]} 16. Nxd5 {[%emt 0:00:04]} Nxd5 {[%emt 0:00:34]} 17. Kh1 {[%emt 0:02:09]} Nxe3 {[%emt 0:00:35]} 18. Qxe3 {[%emt 0:00:24]} Qc7 {[%emt 0:00:29]} 19. Bd3 {[%emt 0:00:38]} h6 {[%emt 0:01:42]} 20. Ra1 {[%emt 0:00:23]} Rcd8 {[%emt 0:00:41]} 21. Re1 {[%emt 0:00:15]} Bd6 {[%emt 0:00:45]} 22. Nd2 {[%emt 0:00:13]} f5 {[%emt 0:00:23]} 23. Qe2 {[%emt 0:00:20]} Kh8 {[%emt 0:01:09]} 24. Nc4 {[%emt 0:01:11]} Bxc4 {[%emt 0:01:06]} 25. Bxc4 {[%emt 0:00:13]} e4 {[%emt 0:00:03]} 26. fxe4 {[%emt 0:00:11]} Bxh2 {[%emt 0:00:05]} 27. Bd3 {[%emt 0:00:41]} Bg3 {[%emt 0:00:42]} 28. Rf1 {[%emt 0:00:15]} Qe7 {[%emt 0:00:16]} 29. Qh5 {[%emt 0:00:17]} fxe4 {[%emt 0:00:05]} 30. Bc4 {[%emt 0:00:13]} e3 {[%emt 0:00:11]} 31. Qh3 {[%emt 0:00:58]} Bf2 {[%emt 0:00:53]} 0-1

[Event "European Online Club-ch-H 2021"]
[Site "Online"]
[Date "2021.03.27"]
[Round "1.13"]
[White "Nagy, Gabor"]
[Black "Sabuk, Piotr"]
[Result "0-1"]
[WhiteElo "2509"]
[BlackElo "2366"]
[Annotator "ChessBase"]
[PlyCount "144"]
[EventDate "2021.03.27"]
[EventType "team-tourn"]
[EventCountry "NET"]
[SourceTitle "playchess.com"]
[Source "ChessBase"]
[SourceQuality "1"]
[TimeControl "900+5"]

1. d4 {[%emt 0:00:00]} d5 {[%emt 0:00:12]} 2. c4 {[%emt 0:00:05]} e6 {[%emt 0:00:03]} 3. Nf3 {[%emt 0:00:03]} Nf6 {[%emt 0:00:06]} 4. Nc3 {[%emt 0:00:05]} dxc4 {[%emt 0:00:15]} 5. e3 {[%emt 0:00:12]} a6 {[%emt 0:00:06]} 6. Bxc4 {[%emt 0:00:06]} b5 {[%emt 0:00:03]} 7. Bb3 {[%emt 0:00:10]} Bb7 {[%emt 0:00:05]} 8. O-O {[%emt 0:00:04]} c5 {[%emt 0:00:23]} 9. e4 {[%emt 0:00:35]} cxd4 {[%emt 0:01:33]} 10. Nxd4 {[%emt 0:00:04]} Nbd7 {[%emt 0:00:05]} 11. Re1 {[%emt 0:02:06]} Nc5 {[%emt 0:00:40]} 12. Bc2 {[%emt 0:00:59]} Be7 {[%emt 0:00:52]} 13. e5 {[%emt 0:00:12]} Nd5 {[%emt 0:01:13]} 14. Qg4 {[%emt 0:00:59]} Nxc3 {[%emt 0:00:48]} 15. bxc3 {[%emt 0:00:24]} Qd5 {[%emt 0:00:23]} 16. a4 {[%emt 0:00:41]} h5 {[%emt 0:00:12]} 17. Qg3 {[%emt 0:00:38]} h4 {[%emt 0:00:16]} 18. Qh3 {[%emt 0:00:08]} b4 {[%emt 0:00:10]} 19. Rd1 {[%emt 0:01:49]} Qxe5 {[%emt 0:02:48]} 20. cxb4 {[%emt 0:00:06]} Ne4 {[%emt 0:00:14]} 21. Be3 {[%emt 0:00:09]} O-O {[%emt 0:00:39]} 22. Nf3 {[%emt 0:00:11]} Qb2 {[%emt 0:00:18]} 23. Bxe4 {[%emt 0:00:57]} Bxe4 {[%emt 0:00:03]} 24. Bd4 {[%emt 0:00:01]} Qxb4 {[%emt 0:00:15]} 25. Qg4 {[%emt 0:00:06]} Bg6 {[%emt 0:00:06]} 26. Ne5 {[%emt 0:01:23]} Bf5 {[%emt 0:00:13]} 27. Qf3 {[%emt 0:00:02]} Rac8 {[%emt 0:00:47]} 28. Nc6 {[%emt 0:00:12]} Qb7 {[%emt 0:00:24]} 29. Rac1 {[%emt 0:00:12]} Bg5 {[%emt 0:00:06]} 30. Rc5 {[%emt 0:00:10]} Rc7 {[%emt 0:00:15]} 31. Be3 {[%emt 0:01:01]} Bxe3 {[%emt 0:00:15]} 32. fxe3 {[%emt 0:00:02]} Qb6 {[%emt 0:00:10]} 33. Rdc1 {[%emt 0:00:04]} Rd7 {[%emt 0:00:18]} 34. Nd4 {[%emt 0:00:12]} Bg6 {[%emt 0:00:08]} 35. h3 {[%emt 0:00:07]} Rfd8 {[%emt 0:00:11]} 36. Qf4 {[%emt 0:00:07]} Rd5 {[%emt 0:00:18]} 37. Rxd5 {[%emt 0:00:28]} exd5 {[%emt 0:00:02]} 38. Qxh4 {[%emt 0:00:04]} Re8 {[%emt 0:00:02]} 39. Qf4 {[%emt 0:00:03]} Qb2 {[%emt 0:00:07]} 40. Rc6 {[%emt 0:00:11]} Qd2 {[%emt 0:00:07]} 41. Rxa6 {[%emt 0:00:08]} Qe1+ {[%emt 0:00:49]} 42. Kh2 {[%emt 0:00:04]} Qxe3 {[%emt 0:00:01]} 43. Qxe3 {[%emt 0:00:04]} Rxe3 {[%emt 0:00:01]} 44. a5 {[%emt 0:00:01]} Rd3 {[%emt 0:00:05]} 45. Nb5 {[%emt 0:00:08]} Rd2 {[%emt 0:00:06]} 46. Kg1 {[%emt 0:01:17]} d4 {[%emt 0:00:24]} 47. Rd6 {[%emt 0:00:04]} d3 {[%emt 0:00:03]} 48. a6 {[%emt 0:00:04]} Be4 {[%emt 0:00:03]} 49. g4 {[%emt 0:00:16]} Rc2 {[%emt 0:00:46]} 50. Kf1 {[%emt 0:00:26]} Rc5 {[%emt 0:00:39]} 51. Nd4 {[%emt 0:00:23]} Rc1+ {[%emt 0:00:09]} 52. Kf2 {[%emt 0:00:03]} d2 {[%emt 0:00:02]} 53. Rd8+ {[%emt 0:00:33]} Kh7 {[%emt 0:00:02]} 54. Ne6 {[%emt 0:00:04]} fxe6 {[%emt 0:00:21]} 55. Rxd2 {[%emt 0:00:03]} Ra1 {[%emt 0:00:06]} 56. Rd6 {[%emt 0:00:01]} Bd5 {[%emt 0:00:02]} 57. Kg3 {[%emt 0:00:03]} g5 {[%emt 0:00:06]} 58. Rd7+ {[%emt 0:00:07]} Kg6 {[%emt 0:00:02]} 59. a7 {[%emt 0:00:01]} Kf6 {[%emt 0:00:02]} 60. Kf2 {[%emt 0:00:03]} Ra3 {[%emt 0:00:06]} 61. Ke2 {[%emt 0:00:03]} Ke5 {[%emt 0:00:01]} 62. Kd2 {[%emt 0:00:02]} Kd4 {[%emt 0:00:05]} 63. h4 {[%emt 0:00:05]} Ra2+ {[%emt 0:00:08]} 64. Kc1 {[%emt 0:00:03]} gxh4 {[%emt 0:00:01]} 65. g5 {[%emt 0:00:02]} h3 {[%emt 0:00:01]} 66. g6 {[%emt 0:00:01]} h2 {[%emt 0:00:05]} 67. Rh7 {[%emt 0:00:02]} Ra1+ {[%emt 0:00:19]} 68. Kb2 {[%emt 0:00:02]} h1=Q {[%emt 0:00:05]} 69. Rxh1 {[%emt 0:00:01]} Rxh1 {[%emt 0:00:02]} 70. g7 {[%emt 0:00:01]} Rg1 {[%emt 0:00:02]} 71. a8=Q {[%emt 0:00:02]} Bxa8 {[%emt 0:00:05]} 72. g8=Q {[%emt 0:00:02]} Rxg8 {[%emt 0:00:04]} 0-1

[Event "European Online Club-ch-H 2021"]
[Site "Online"]
[Date "2021.03.27"]
[Round "1.14"]
[White "Valuet, Bertrand"]
[Black "Mihok, Oliver"]
[Result "0-1"]
[WhiteElo "2217"]
[BlackElo "2540"]
[Annotator "ChessBase"]
[PlyCount "78"]
[EventDate "2021.03.27"]
[EventType "team-tourn"]
[EventCountry "NET"]
[SourceTitle "playchess.com"]
[Source "ChessBase"]
[SourceQuality "1"]
[TimeControl "900+5"]

1. e4 {[%emt 0:00:00]} c5 {[%emt 0:00:08]} 2. Nf3 {[%emt 0:00:04]} e6 {[%emt 0:00:10]} 3. d4 {[%emt 0:00:03]} cxd4 {[%emt 0:00:07]} 4. Nxd4 {[%emt 0:00:02]} Nc6 {[%emt 0:00:02]} 5. Nc3 {[%emt 0:00:06]} Qc7 {[%emt 0:00:01]} 6. g3 {[%emt 0:00:04]} a6 {[%emt 0:00:05]} 7. Bg2 {[%emt 0:00:03]} Nf6 {[%emt 0:00:04]} 8. O-O {[%emt 0:00:05]} Nxd4 {[%emt 0:00:01]} 9. Qxd4 {[%emt 0:00:03]} Bc5 {[%emt 0:00:02]} 10. Bf4 {[%emt 0:00:03]} d6 {[%emt 0:00:14]} 11. Qd3 {[%emt 0:00:50]} Ng4 {[%emt 0:00:20]} 12. Qe2 {[%emt 0:00:37]} Ne5 {[%emt 0:00:44]} 13. Na4 {[%emt 0:00:44]} Ba7 {[%emt 0:00:14]} 14. Be3 {[%emt 0:00:03]} b5 {[%emt 0:00:20]} 15. Bxa7 {[%emt 0:00:11]} Qxa7 {[%emt 0:00:15]} 16. Nc3 {[%emt 0:00:04]} Bb7 {[%emt 0:00:03]} 17. Rad1 {[%emt 0:00:09]} Qc5 {[%emt 0:00:29]} 18. Qd2 {[%emt 0:00:36]} Nc4 {[%emt 0:01:04]} 19. Qd4 {[%emt 0:00:05]} Qxd4 {[%emt 0:00:57]} 20. Rxd4 {[%emt 0:00:05]} Nxb2 {[%emt 0:00:45]} 21. Rxd6 {[%emt 0:00:35]} Nc4 {[%emt 0:00:15]} 22. Rd4 {[%emt 0:00:32]} Rc8 {[%emt 0:00:16]} 23. Rb1 {[%emt 0:02:49]} Ke7 {[%emt 0:03:45]} 24. a4 {[%emt 0:02:40]} Ne5 {[%emt 0:00:05]} 25. Nd1 {[%emt 0:01:29]} Nc6 {[%emt 0:00:55]} 26. Rd3 {[%emt 0:00:44]} b4 {[%emt 0:00:05]} 27. Ne3 {[%emt 0:00:11]} a5 {[%emt 0:00:17]} 28. e5 {[%emt 0:00:45]} Rc7 {[%emt 0:00:22]} 29. Nc4 {[%emt 0:00:56]} Ba6 {[%emt 0:00:23]} 30. Bxc6 {[%emt 0:00:09]} Bxc4 {[%emt 0:00:27]} 31. Rd6 {[%emt 0:00:02]} Rhc8 {[%emt 0:00:12]} 32. Be4 {[%emt 0:00:15]} f5 {[%emt 0:00:44]} 33. Bf3 {[%emt 0:00:25]} Rc5 {[%emt 0:00:11]} 34. Rbd1 {[%emt 0:00:17]} R8c7 {[%emt 0:00:13]} 35. R1d4 {[%emt 0:00:23]} Rxe5 {[%emt 0:00:15]} 36. Bc6 {[%emt 0:00:03]} Bd5 {[%emt 0:00:34]} 37. R6xd5 {[%emt 0:00:10]} exd5 {[%emt 0:00:06]} 38. f4 {[%emt 0:00:05]} Re4 {[%emt 0:00:14]} 39. Rxe4+ {[%emt 0:00:06]} dxe4 {[%emt 0:00:02]} 0-1

[Event "European Online Club-ch-H 2021"]
[Site "Online"]
[Date "2021.03.27"]
[Round "1.15"]
[White "Glek, Igor"]
[Black "Appendino, Jerome"]
[Result "1-0"]
[WhiteElo "2475"]
[BlackElo "2175"]
[Annotator "ChessBase"]
[PlyCount "95"]
[EventDate "2021.03.27"]
[EventType "team-tourn"]
[EventCountry "NET"]
[SourceTitle "playchess.com"]
[Source "ChessBase"]
[SourceQuality "1"]
[TimeControl "900+5"]

1. e4 {[%emt 0:00:00]} c5 {[%emt 0:00:05]} 2. Nf3 {[%emt 0:00:03]} d6 {[%emt 0:00:05]} 3. Bb5+ {[%emt 0:00:03]} Nd7 {[%emt 0:00:04]} 4. d4 {[%emt 0:00:02]} cxd4 {[%emt 0:00:03]} 5. Qxd4 {[%emt 0:00:02]} a6 {[%emt 0:00:46]} 6. Bxd7+ {[%emt 0:00:03]} Bxd7 {[%emt 0:00:48]} 7. Bg5 {[%emt 0:00:04]} Qa5+ {[%emt 0:01:33]} 8. Nc3 {[%emt 0:00:22]} e5 {[%emt 0:00:43]} 9. Qd3 {[%emt 0:00:13]} h6 {[%emt 0:01:30]} 10. Bh4 {[%emt 0:00:34]} g5 {[%emt 0:00:27]} 11. Bg3 {[%emt 0:00:03]} Nf6 {[%emt 0:00:14]} 12. O-O {[%emt 0:00:12]} Be7 {[%emt 0:00:39]} 13. Rfd1 {[%emt 0:00:50]} Bc6 {[%emt 0:01:49]} 14. Nd2 {[%emt 0:00:10]} Rd8 {[%emt 0:01:09]} 15. Nc4 {[%emt 0:00:08]} Qc7 {[%emt 0:00:06]} 16. Ne3 {[%emt 0:00:47]} b5 {[%emt 0:00:32]} 17. f3 {[%emt 0:00:28]} b4 {[%emt 0:00:16]} 18. Ncd5 {[%emt 0:00:03]} Nxd5 {[%emt 0:00:59]} 19. Nxd5 {[%emt 0:00:08]} Bxd5 {[%emt 0:00:07]} 20. Qxd5 {[%emt 0:00:14]} O-O {[%emt 0:00:30]} 21. Rac1 {[%emt 0:00:07]} Rc8 {[%emt 0:00:24]} 22. Bf2 {[%emt 0:00:15]} Qc4 {[%emt 0:00:21]} 23. b3 {[%emt 0:00:52]} Qxd5 {[%emt 0:00:08]} 24. Rxd5 {[%emt 0:00:02]} Rc6 {[%emt 0:00:06]} 25. Be1 {[%emt 0:00:40]} Rfc8 {[%emt 0:00:07]} 26. Bxb4 {[%emt 0:00:13]} Rxc2 {[%emt 0:00:04]} 27. Rxc2 {[%emt 0:00:05]} Rxc2 {[%emt 0:00:01]} 28. Rd2 {[%emt 0:00:26]} Rxd2 {[%emt 0:00:12]} 29. Bxd2 {[%emt 0:00:03]} h5 {[%emt 0:00:11]} 30. g4 {[%emt 0:00:34]} hxg4 {[%emt 0:00:08]} 31. fxg4 {[%emt 0:00:02]} f6 {[%emt 0:00:11]} 32. Kf1 {[%emt 0:00:06]} Kf7 {[%emt 0:00:02]} 33. Ke2 {[%emt 0:00:01]} Ke6 {[%emt 0:00:01]} 34. Kd3 {[%emt 0:00:03]} d5 {[%emt 0:00:01]} 35. b4 {[%emt 0:00:05]} dxe4+ {[%emt 0:00:41]} 36. Kxe4 {[%emt 0:00:03]} Bd6 {[%emt 0:00:08]} 37. a4 {[%emt 0:00:04]} Be7 {[%emt 0:00:13]} 38. b5 {[%emt 0:00:13]} axb5 {[%emt 0:00:05]} 39. axb5 {[%emt 0:00:02]} Bc5 {[%emt 0:00:02]} 40. Ba5 {[%emt 0:00:34]} Bd6 {[%emt 0:00:23]} 41. Bb6 {[%emt 0:00:22]} Bb8 {[%emt 0:00:02]} 42. Bd8 {[%emt 0:00:08]} Bd6 {[%emt 0:00:08]} 43. b6 {[%emt 0:02:28]} Bb8 {[%emt 0:00:14]} 44. b7 {[%emt 0:00:14]} Bd6 {[%emt 0:00:21]} 45. Bb6 {[%emt 0:00:02]} Bb8 {[%emt 0:00:02]} 46. h3 {[%emt 0:00:23]} Ke7 {[%emt 0:01:01]} 47. Kf5 {[%emt 0:00:23]} Kf7 {[%emt 0:00:42]} 48. Bd8 {[%emt 0:00:08]} 1-0

[Event "European Online Club-ch-H 2021"]
[Site "Online"]
[Date "2021.03.27"]
[Round "1.16"]
[White "Ould Ahmed, Samy"]
[Black "Meessen, Rudolf"]
[Result "1/2-1/2"]
[WhiteElo "2110"]
[BlackElo "2223"]
[Annotator "NA"]
[PlyCount "102"]
[EventDate "2021.03.27"]
[EventType "team-tourn"]
[EventCountry "NET"]
[SourceTitle "playchess.com"]
[Source "ChessBase"]
[SourceQuality "1"]
[TimeControl "900+5"]

1. e4 {[%emt 0:00:00]} e6 {[%emt 0:00:05]} 2. d4 {[%emt 0:00:48]} d5 {[%emt 0:00:01]} 3. Nc3 {[%emt 0:00:08]} Nf6 {[%emt 0:00:03]} 4. e5 {[%emt 0:00:45]} Nfd7 {[%emt 0:00:03]} 5. f4 {[%emt 0:00:01]} c5 {[%emt 0:00:01]} 6. Nf3 {[%emt 0:00:02]} Nc6 {[%emt 0:00:01]} 7. Be3 {[%emt 0:00:00]} cxd4 {[%emt 0:00:01]} 8. Nxd4 {[%emt 0:00:02]} Bc5 {[%emt 0:00:01]} 9. Qd2 {[%emt 0:00:04]} O-O {[%emt 0:00:01]} 10. O-O-O {[%emt 0:00:43]} Bxd4 {[%emt 0:00:06]} 11. Bxd4 {[%emt 0:00:02]} Qa5 {[%emt 0:00:02]} 12. Kb1 {[%emt 0:00:40]} Rb8 {[%emt 0:00:52]} 13. Nb5 {[%emt 0:03:38]} Qxd2 {[%emt 0:00:29]} 14. Rxd2 {[%emt 0:00:24]} a6 {[%emt 0:00:02]} 15. Nd6 {[%emt 0:00:37]} Nxd4 {[%emt 0:00:03]} 16. Rxd4 {[%emt 0:00:02]} f6 {[%emt 0:00:01]} 17. exf6 {[%emt 0:01:04]} Nxf6 {[%emt 0:00:00]} 18. Nxc8 {[%emt 0:00:45]} Rbxc8 {[%emt 0:00:09]} 19. g3 {[%emt 0:00:19]} Ne4 {[%emt 0:00:49]} 20. Bh3 {[%emt 0:00:10]} Rc6 {[%emt 0:00:22]} 21. Re1 {[%emt 0:00:15]} Re8 {[%emt 0:02:00]} 22. f5 {[%emt 0:02:00]} exf5 {[%emt 0:00:11]} 23. Rf1 {[%emt 0:00:51]} g6 {[%emt 0:00:51]} 24. Rxd5 {[%emt 0:00:25]} Rce6 {[%emt 0:00:58]} 25. c3 {[%emt 0:00:44]} Ng5 {[%emt 0:00:14]} 26. Bg4 {[%emt 0:01:02]} Re5 {[%emt 0:01:53]} 27. Rxe5 {[%emt 0:00:12]} Rxe5 {[%emt 0:00:02]} 28. Bd1 {[%emt 0:00:08]} Ne4 {[%emt 0:00:05]} 29. Bb3+ {[%emt 0:00:41]} Kg7 {[%emt 0:00:09]} 30. Kc1 {[%emt 0:00:01]} Nc5 {[%emt 0:00:07]} 31. Bc2 {[%emt 0:00:25]} Re2 {[%emt 0:00:06]} 32. Rd1 {[%emt 0:00:20]} Rxh2 {[%emt 0:01:23]} 33. b4 {[%emt 0:00:18]} Ne4 {[%emt 0:00:12]} 34. Bxe4 {[%emt 0:00:02]} fxe4 {[%emt 0:00:02]} 35. Rd7+ {[%emt 0:00:00]} Kf6 {[%emt 0:00:03]} 36. Rxb7 {[%emt 0:00:02]} Rxa2 {[%emt 0:00:26]} 37. Rxh7 {[%emt 0:00:05]} e3 {[%emt 0:00:03]} 38. Kd1 {[%emt 0:00:01]} Kf5 {[%emt 0:00:07]} 39. Re7 {[%emt 0:00:09]} Rd2+ {[%emt 0:01:00]} 40. Ke1 {[%emt 0:00:03]} Rd3 {[%emt 0:00:02]} 41. Ke2 {[%emt 0:00:05]} Rxc3 {[%emt 0:00:02]} 42. Rxe3 {[%emt 0:00:03]} Rc4 {[%emt 0:00:35]} 43. Rb3 {[%emt 0:00:09]} Ke4 {[%emt 0:00:03]} 44. b5 {[%emt 0:00:09]} axb5 {[%emt 0:00:02]} 45. Rxb5 {[%emt 0:00:00]} Rc2+ {[%emt 0:00:01]} 46. Kd1 {[%emt 0:00:11]} Rf2 {[%emt 0:01:10]} 47. Rg5 {[%emt 0:00:10]} Rf6 {[%emt 0:00:09]} 48. Ke2 {[%emt 0:00:03]} Rb6 {[%emt 0:00:05]} 49. Kf2 {[%emt 0:00:09]} Rf6+ {[%emt 0:00:33]} 50. Kg2 {[%emt 0:00:03]} Rb6 {[%emt 0:00:07]} 51. Kf2 {[%emt 0:00:05]} Rb2+ {[%emt 0:00:06]} 1/2-1/2